1387 1853 1926 1689 1099 1938 1836 1504 1374 1347 1734 1555 1152 1947 1404 1732 1067 1255 1403 1460 1886 1856 1430 1125 1857 1904 1501 1758 1532 1750 1441 1728 1067 1501 1928 1973 1358 1535 1187 1594 1131 1634 1957 1286 1095 1425 1519 1045 1137 1056 1508 1878 1858 1656 1071 1088 1747 1837 1113 1192 1159 1745 1771 1264 1337 1973 1349 1712 1262 1252 1617 1537 1062 1067 1496 1383 1877 1333 1919 1555 1917 1100 1377 1473 1180 1974 1065 1161 1884 1302 1487 1034 1814 1010 1964 1987 1092 1147 1901 BCNSPRNW ULIB Ver.6.0+V

เปลี่ยนเป็นภาษาไทย

Change to English
 แสดงรายละเอียดบรรณานุกรม
  กลับหน้าหลัก

Brief Record : Get Marc (ISO 2709) : E-mail record : QR code < ปิดหน้าต่าง
LEADER : 00000nam 2200000uu 4500
001    13399113390
003     ULIB
008    111110s2553||||th 000 0 tha d
020    9786165290319
060  4 QZ275^bพ465ค
100 0  พวงทอง ไทรพิบูลย์
245 00 คู่มือดูแลเด็กโรคมะเร็ง/^cพวงทอง ไกรพิบูลย์
260    กรุงเทพฯ:^bอัมรินทร์สุขภาพ,^c2553
300    141 หน้า
650  7 ดูแลเด็กโรคมะเร็ง
650  7 มะเร็ง
945    ^p135^l0^i17098
945    ^p135^l0^i17097
995    กัณชพร
999    ^aใช้งานได้ทุกระบบ
รายการนี้ยังไม่มีแท็ก
คุณยังไม่ได้ล็อกอิน คุณสามารถมีกิจกรรมร่วมกับเว็บไซต์ได้ แต่ต้องล็อกอินก่อน ::
  ล็อกอิน

รายการสื่อสารสนเทศ

ลำดับที่ ประเภท เลขเรียก/บาร์โค้ด สถานที่ สถานะ
- ไม่พบข้อมูล -

รายการใกล้เคียง
    ผู้แต่ง [พวงทอง ไทรพิบูลย์]

    หัวเรื่อง [ดูแลเด็กโรคมะเร็ง]
    หัวเรื่อง [มะเร็ง]

BibComment


ยังไม่เคยถูกคอมเมนท์

คอมเมนท์ทรัพยากรรายการนี้
  คอมเมนท์: คู่มือดูแลเด็กโรค..


 Copyright 2026. Bcnsprnw @Library